Statistics for Countries with weapons on their flag

Click here to take the quiz!

General Stats

  • This quiz has been taken 99 times
  • The average score is 5 of 12

Answer Stats

HintCountry% Correct
Countries with a weapon on the flagMozambique
76%
Countries with a weapon on the flagAngola
74%
Countries with a weapon on the flagSaudi Arabia
73%
Countries with a weapon on the flagKenya
60%
Countries with a weapon on the flagOman
41%
Countries with a weapon on the flagSwaziland
35%
Countries with a weapon on the flagGuatemala
32%
Countries with a weapon on the flagSri Lanka
28%
Countries with a weapon on the flagBarbados
26%
Countries with a weapon on the flagHaiti
23%
Countries with a weapon on the flagEcuador
17%
Countries with a weapon on the flagBolivia
9%

Score Distribution

Percentile by Number Answered

Percent of People with Each Score

Your Score History

You have not taken this quiz